Active-duty US Air Force Bases - Statistics

General Stats
  • This quiz has been taken 52 times
  • The average score is 27 of 56
Answer Stats
Location Base Name % Correct
Mountain Home, ID Mountain Home
77%
Dover, DE Dover
69%
Ogden, UT Hill
69%
Minot, ND Minot
69%
Dayton, OH Wright-Patterson
69%
Altus, OK Altus
65%
Columbus, MS Columbus
65%
Tucson, AZ Davis–Monthan
65%
Las Vegas, NV Nellis
65%
Bossier City, LA Barksdale
62%
Edwards, CA Edwards
62%
Sumter, SC Shaw
62%
Biloxi, MS Keesler
58%
Jacksonville, AR Little Rock
58%
Tampa, FL MacDill
58%
Colorado Springs, CO Peterson
58%
Auror, CO Buckley
54%
Cheyenne, WY Francis E. Warren
54%
Del Rio, TX Laughlin
54%
Montgomery, AL Maxwell
54%
Valdosta, GA Moody
54%
Belleville, IL Scott
54%
Wichita Falls, TX Sheppard
54%
Fairfield, CA Travis
54%
Clovis, NM Cannon
50%
Indian Springs, NV Creech
50%
Abilene, TX Dyess
50%
Valparaiso, FL Eglin
50%
Box Elder, SD Ellsworth
50%
Grand Forks, ND Grand Forks
50%
Albuquerque, NM Kirtland
50%
Great Falls, MT Malmstrom
50%
Oklahoma City, OK Tinker
50%
Enid, OK Vance
50%
Lompoc, CA Vandenberg
50%
Marysville, CA Beale
46%
Airway Heights, WA Fairchild
46%
Mary Esther, FL Hurlburt Field
46%
Bellevue, NE Offutt
46%
Colorado Springs, CO Schriever
46%
Panama City, FL Tyndall
46%
Knob Noster, MO Whiteman
46%
San Angelo, TX Goodfellow
42%
Alamogordo, NM Holloman
42%
Glendale, AZ Luke
42%
Greensboro, NC Seymour Johnson
42%
El Segundo, CA Los Angeles
38%
Warner Robins, GA Robins
38%
Wichita, KS McConnell
35%
Tullahoma, TN Arnold
31%
Lincoln, MA Hanscom
31%
Brevard County, FL Patrick
27%
Fayetteville, NC Pope Field
19%
Odenton, SC Fort Jackson
8%
Odenton, MD Fort Meade
8%
Mountain, ND Cavalier
4%
No matching quizzes found
Score Distribution
Percent of People with Each Score
Percentile by Number Answered
Your Score History
You have not taken this quiz